000 00357cam a22001097a 4500
008 180718b1927 xxu||||| |||| 00| 0 eng d
082 _aP43
245 _aEducation of the adolescent: report of the consultavie committee
_cby Board of Education
260 _aLondon
_bHer Majesty's Stationery office
_c1927
300 _a338p.
700 _aU.K. Board of Education
999 _c414961
_d414961